Avengers (MCU) - Sudden death - Statistics

General Stats
  • This quiz has been taken 6,539 times
  • The average score is 10 of 16
Answers on the Grid
Answers color-coded by a green-red scale on the quiz's grid according to % correct below.
Iron Man
Thanos
Captain America
Superman
Batman
Wonder Woman
Thor
Hulk
Black Widow
Hawkeye
Falcon
Spider-Man
Captain Marvel
Ant-Man
War Machine
Vision
Nebula
Rocket
Okoye
Wanda Maximoff
Peggy Carter
Agatha Harkness
Wolverine
Deadpool
Iron Fist
Hercules
Aquaman
Ultron
Odin
Moonknight
 
Answer Stats
Answer % Correct
Captain America
71%
Iron Man
71%
Thor
71%
Black Widow
70%
Hulk
69%
Spider-Man
69%
Ant-Man
68%
Hawkeye
68%
Captain Marvel
65%
Falcon
63%
Vision
63%
Wanda Maximoff
63%
War Machine
58%
Rocket
52%
Nebula
47%
Okoye
30%
No matching quizzes found
Score Distribution
Percent of People with Each Score
Percentile by Number Answered
Your Score History
You have not taken this quiz